|
|
|
|
| LEADER |
00791nam a22002297a 4500 |
| 001 |
32405 |
| 003 |
BD-DhAAL |
| 005 |
20171129125725.0 |
| 008 |
171129t bg a|||| |||| 00| 0 eng d |
| 999 |
|
|
|c 38677
|d 38677
|
| 040 |
|
|
|a BD-DhAAL
|
| 082 |
|
|
|2 22
|a 658.4012
|
| 245 |
|
|
|a Strategic plan 2015-19 :
|b heading towards new horizon
|
| 260 |
|
|
|a Dhaka :
|b Bangladesh Bank,
|c [2014]
|
| 300 |
|
|
|a 75 pages :
|b illustrations ;
|c 28 cm.
|
| 526 |
|
|
|a AAL
|
| 541 |
|
|
|a Complementary copy
|
| 650 |
|
|
|a Strategic planning
|9 24095
|
| 710 |
|
|
|a Bangladesh Bank
|9 24096
|
| 852 |
|
|
|a Ayesha Abed Library
|c General Stacks
|
| 942 |
|
|
|2 ddc
|c BK
|
| 952 |
|
|
|0 0
|1 0
|2 ddc
|4 0
|6 658_401200000000000_STR
|7 0
|9 62065
|a BRACUL
|b BRACUL
|c GEN
|d 2017-11-29
|e Complementary copy
|l 0
|o 658.4012 STR
|p 3010032405
|r 2017-11-29
|t 1
|w 2017-11-29
|y BK
|